Vospominanii︠a︡, proizvedenii︠a︡, perepiska /

Bibliographic Details
Main Author: Kuzin, B. S.
Other Authors: Kraĭneva, N. I., Perezhogina, E. A., Mandelʹshtam, Nadezhda, 1899-1980
Format: Book
Language:Russian
Published: Sankt-Peterburg : Inapress, 1999.
Subjects:

MARC

Tag First Indicator Second Indicator Subfields
LEADER 00000cam a2200000 a 4500
001 in00001761857
005 20151025051824.0
008 000120s1999 ru c b 001 0drusod
010 |a  00296826  
020 |a 5871350798 
035 |a (OCoLC)ocm42606333 
040 |a HLS  |c DLC  |d TXA  |d UtOrBLW 
042 |a lccopycat 
049 |a TXAM 
050 0 0 |a PG3476.K899  |b A6 1999 
100 1 |a Kuzin, B. S. 
240 1 0 |a Works.  |k Selections.  |f 1999 
245 1 0 |a Vospominanii︠a︡, proizvedenii︠a︡, perepiska /  |c Boris Kuzin. 192 pisʹma k B.S. Kuzinu / Nadezhda Mandelʹshtam ; [sostavlenie, predislovie, podgotovka tekstov, primechanii︠a︡ i kommentarii N.I. Kraĭnevoĭ i E.A. Perezhoginoĭ]. 
264 1 |a Sankt-Peterburg :  |b Inapress,  |c 1999. 
300 |a 776 pages :  |b portraits ;  |c 22 cm. 
336 |a text  |b txt  |2 rdacontent 
337 |a unmediated  |b n  |2 rdamedia 
338 |a volume  |b nc  |2 rdacarrier 
504 |a Includes bibliographical references and index. 
600 1 0 |a Kuzin, B. S. 
600 1 0 |a Kuzin, B. S.  |v Correspondence. 
600 1 0 |a Mandelʹshtam, Nadezhda,  |d 1899-1980  |v Correspondence. 
700 1 |a Kraĭneva, N. I. 
700 1 |a Perezhogina, E. A. 
700 1 2 |a Mandelʹshtam, Nadezhda,  |d 1899-1980.  |t Correspondence.  |k Selections. 
740 0 2 |a 192 pisʹma k B.S. Kuzinu. 
740 0 |a Sto devi︠a︡nosto dva pisʹma k B.S. Kuzinu. 
948 |a cataloged  |b h  |c 2003/5/2  |d c  |e spoltoratski  |f 10:12:14 am 
994 |a E0  |b TXA 
999 |a MARS 
999 f f |s 8db20c9a-8e7a-3eaf-ab5b-84486c0ebd72  |i 427a16e3-6f9b-3d31-81b3-dadbbf35b47d  |t 0 
952 f f |p ric  |a Texas A&M University  |b Rellis Campus  |c Joint Library Facility  |s JLF  |d Remote Storage  |t 0  |e PG3476.K899 A6 1999  |h Library of Congress classification  |i unmediated -- volume  |m A14830072694 
998 f f |a PG3476.K899 A6 1999  |t 0  |l Remote Storage